[Event "EUR-chT Seniors 65"]
[Site "Prague"]
[Date "2021.08.30"]
[Round "1.4"]
[White "Lacha, Jan"]
[Black "Hammar, Bengt Erik"]
[Result "1/2-1/2"]
[WhiteElo "1825"]
[BlackElo "2130"]
[PlyCount "44"]
[EventDate "2021.08.30"]
[EventType "team-swiss"]
[EventRounds "9"]
[EventCountry "CZE"]
[SourceTitle "CBM 204 Extra"]
[Source "ChessBase"]
[SourceDate "2021.11.30"]
[SourceVersion "1"]
[SourceVersionDate "2021.11.30"]
[SourceQuality "1"]
[WhiteTeam "Oldest Boys 65"]
[BlackTeam "Sweden 65"]
[WhiteTeamCountry "CZE"]
[BlackTeamCountry "SWE"]

1. e4 c5 2. Nc3 e6 3. g3 Nc6 4. Bg2 g6 5. d3 Bg7 6. Nge2 Nge7 7. Be3 Nd4 8. 0-0 d6 9. Rb1 0-0 10. Qd2 Rb8 11. Nd1 Nxe2+ 12. Qxe2 b6 13. Qd2 d5 14. f3 f5 15. Nf2 e5 16. Bh6 d4 17. Bxg7 Kxg7 18. f4 exf4 19. Qxf4 Bb7 20. Qe5+ Kg8 21. Qe6+ Kg7 22. Qe5+ Kg8 1/2-1/2

[Event "Marianske Lazne op 50+"]
[Site "Marianske Lazne"]
[Date "2019.01.19"]
[Round "1"]
[White "Lacha, Jan"]
[Black "Polich, Sergey"]
[Result "0-1"]
[WhiteElo "1727"]
[BlackElo "2112"]
[PlyCount "70"]
[EventDate "2019.01.19"]
[EventType "swiss"]
[EventRounds "9"]
[EventCountry "CZE"]
[SourceTitle "CBM 188 Extra"]
[Source "ChessBase"]
[SourceDate "2019.02.26"]
[SourceVersion "1"]
[SourceVersionDate "2019.02.26"]
[SourceQuality "1"]

1. d4 Nf6 2. Nc3 d5 3. Bg5 c5 4. Bxf6 exf6 5. e4 dxe4 6. dxc5 Qa5 7. Qd5 Nc6 8. Bb5 Bd7 9. Qxe4+ Be7 10. a3 f5 11. Qa4 Qxa4 12. Nxa4 a6 13. Nb6 Rd8 14. Bd3 Ne5 15. Nxd7 Nxd3+ 16. cxd3 Rxd7 17. b4 Rxd3 18. Ke2 Rb3 19. Nf3 Rb2+ 20. Ke3 Bf6 21. Rad1 0-0 22. Rd7 Rb3+ 23. Kf4 Rb8 24. Ne5 Rxa3 25. Rb1 Ra2 26. f3 Rxg2 27. Nxf7 Rf8 28. Nd6 Re2 29. Kg3 h5 30. Rxb7 h4+ 31. Kh3 Be5 32. Kxh4 Rxh2+ 33. Kg5 Rg2+ 34. Kh4 Rf6 35. Nxf5 Rh2+ 0-1

[Event "Zalakaros op 37th"]
[Site "Zalakaros"]
[Date "2018.05.25"]
[Round "1"]
[White "Kincs, Imre"]
[Black "Lacha, Jan"]
[Result "1-0"]
[WhiteElo "2210"]
[BlackElo "1786"]
[PlyCount "115"]
[EventDate "2018.05.25"]
[EventType "swiss"]
[EventRounds "9"]
[EventCountry "HUN"]
[SourceTitle "EXT 2019"]
[Source "ChessBase"]
[SourceDate "2018.10.10"]
[SourceVersion "1"]
[SourceVersionDate "2018.10.10"]
[SourceQuality "1"]

1. d4 e6 2. c4 d5 3. Nf3 f5 4. Nc3 c6 5. Bf4 Bd6 6. e3 Nf6 7. Bxd6 Qxd6 8. c5 Qe7 9. Ne5 Nbd7 10. f4 0-0 11. Bd3 Nxe5 12. fxe5 Ng4 13. Qf3 Qg5 14. Ke2 Bd7 15. h3 Nh6 16. g3 Be8 17. Kd2 Bh5 18. Qf2 b5 19. a4 b4 20. Na2 a5 21. Raf1 Qe7 22. Nc1 g5 23. Nb3 Bg6 24. Qe2 g4 25. h4 Bh5 26. Rh2 Be8 27. Rhf2 Bd7 28. Kc2 Bc8 29. e4 dxe4 30. Bxe4 Ba6 31. Bd3 Bxd3+ 32. Qxd3 Qd7 33. Nd2 Rfd8 34. Rf4 Nf7 35. Nc4 Qd5 36. b3 Ra7 37. Nb6 Qg2+ 38. R4f2 Qe4 39. Qxe4 fxe4 40. Rd1 Nh6 41. Rf4 Rf7 42. Rxe4 Rf3 43. Rd3 Rf2+ 44. Kd1 Rdf8 45. Nc4 R8f3 46. Rxf3 Rxf3 47. Nxa5 Rxg3 48. Ke2 Rc3 49. Nxc6 Rxb3 50. a5 Rb2+ 51. Kd3 g3 52. a6 g2 53. Re1 Nf5 54. Rg1 Nxh4 55. a7 Ra2 56. Kc4 Kf7 57. Kxb4 Ke8 58. Na5 1-0

[Event "CZE-ch Seniors 60"]
[Site "Rychnov nad Kneznou"]
[Date "2015.08.21"]
[Round "7"]
[White "Ondrejat, Miroslav"]
[Black "Lacha, Jan"]
[Result "1-0"]
[WhiteElo "1992"]
[BlackElo "1840"]
[PlyCount "89"]
[EventDate "2015.08.15"]
[EventType "swiss"]
[EventRounds "9"]
[EventCountry "CZE"]
[SourceTitle "EXT 2016"]
[Source "ChessBase"]
[SourceDate "2015.10.08"]
[SourceVersion "1"]
[SourceVersionDate "2015.10.08"]
[SourceQuality "1"]

1. d4 e6 2. g3 f5 3. Bg2 Nf6 4. Nh3 Be7 5. 0-0 0-0 6. c4 d6 7. Nc3 e5 8. dxe5 dxe5 9. Qxd8 Rxd8 10. Nd5 Nxd5 11. Bxd5+ Kf8 12. Ng5 h6 13. Ne6+ Bxe6 14. Bxe6 g6 15. Bxh6+ Ke8 16. e4 Rd6 17. exf5 gxf5 18. Bc8 Rb6 19. Be3 Rxb2 20. Rab1 Rxb1 21. Rxb1 Nd7 22. Bxb7 Rd8 23. Bc6 Kf7 24. Rd1 Nb6 25. Rxd8 Bxd8 26. c5 Nc8 27. Bd7 Ne7 28. Bg5 f4 29. gxf4 exf4 30. Bxf4 Nd5 31. Bd2 Be7 32. Bc6 Nf6 33. Be3 Ng4 34. Bd4 Ke6 35. f3 Ne5 36. Be4 Bf6 37. Kg2 Nd7 38. Bxf6 Kxf6 39. c6 Nc5 40. h4 Na4 41. Kf2 Nc3 42. a3 a5 43. Ke3 Nb5 44. f4 Nxa3 45. Bd3 1-0

[Event "CZE-ch Seniors 60"]
[Site "Rychnov nad Kneznou"]
[Date "2015.08.20"]
[Round "6"]
[White "Lacha, Jan"]
[Black "Urbanec, Vladimir"]
[Result "1-0"]
[WhiteElo "1840"]
[BlackElo "1501"]
[PlyCount "76"]
[EventDate "2015.08.15"]
[EventType "swiss"]
[EventRounds "9"]
[EventCountry "CZE"]
[SourceTitle "EXT 2016"]
[Source "ChessBase"]
[SourceDate "2015.10.08"]
[SourceVersion "1"]
[SourceVersionDate "2015.10.08"]
[SourceQuality "1"]

1. e4 d6 2. d4 g6 3. Nc3 Bg7 4. Nf3 e6 5. Bc4 a6 6. Be3 b6 7. Qd2 Ne7 8. Bh6 0-0 9. h4 d5 10. Bd3 c5 11. h5 c4 12. hxg6 Nxg6 13. Bxg7 Kxg7 14. e5 Rh8 15. Qh6+ Kg8 16. Bxg6 fxg6 17. Nh4 Qe8 18. 0-0-0 Qf7 19. Rh3 Ra7 20. Rdh1 Qg7 21. Qg5 Nc6 22. Nxg6 Bd7 23. Qh6 Be8 24. Nxh8 Kxh8 25. Qxe6 Qg5+ 26. Kd1 Qg6 27. Rh6 Qg8 28. Ne2 b5 29. Qf6+ Rg7 30. c3 a5 31. Nf4 Ne7 32. Ne6 Bg6 33. g4 Qf7 34. Qxg7+ Qxg7 35. Nxg7 Kxg7 36. R6h3 Be4 37. f3 Bd3 38. f4 Be4 1-0

[Event "Ricany op-A"]
[Site "Ricany"]
[Date "2014.08.29"]
[Round "8"]
[White "Lacha, Jan"]
[Black "Koper, Stefan"]
[Result "1/2-1/2"]
[WhiteElo "1827"]
[BlackElo "1954"]
[PlyCount "53"]
[EventDate "2014.08.23"]
[EventType "swiss"]
[EventRounds "9"]
[EventCountry "CZE"]
[SourceTitle "EXT 2015"]
[Source "ChessBase"]
[SourceDate "2014.11.20"]
[SourceVersion "1"]
[SourceVersionDate "2014.11.20"]
[SourceQuality "1"]

1. e4 c6 2. d4 d5 3. e5 Bf5 4. h4 e6 5. g4 Be7 6. gxf5 exf5 7. h5 h6 8. Nc3 Bg5 9. Nf3 f6 10. Bd3 Ne7 11. Nxg5 fxg5 12. f4 g4 13. Be3 Nd7 14. Bd2 0-0 15. Ne2 b5 16. a3 Nb6 17. b3 a5 18. Ng3 a4 19. b4 Qd7 20. Ne2 Qe6 21. Ng3 Kh8 22. Rg1 Nc4 23. Bc1 Nd6 24. Nxf5 Ndxf5 25. Qxg4 Rf7 26. Bxf5 Qxf5 27. Qxf5 1/2-1/2

[Event "Ricany op-A"]
[Site "Ricany"]
[Date "2014.08.26"]
[Round "5"]
[White "Hanl, Frantisek"]
[Black "Lacha, Jan"]
[Result "1/2-1/2"]
[WhiteElo "1972"]
[BlackElo "1827"]
[PlyCount "83"]
[EventDate "2014.08.23"]
[EventType "swiss"]
[EventRounds "9"]
[EventCountry "CZE"]
[SourceTitle "EXT 2015"]
[Source "ChessBase"]
[SourceDate "2014.11.20"]
[SourceVersion "1"]
[SourceVersionDate "2014.11.20"]
[SourceQuality "1"]

1. c4 e5 2. Nc3 Nf6 3. g3 Nc6 4. Bg2 Bc5 5. e3 a6 6. Nge2 d6 7. d4 exd4 8. exd4 Ba7 9. 0-0 Bf5 10. Nd5 Qd7 11. Nxf6+ gxf6 12. Be3 Bh3 13. Bxh3 Qxh3 14. Nf4 Qf5 15. b4 0-0 16. Nd5 Rac8 17. a4 Rfe8 18. b5 Ne7 19. Nxe7+ Rxe7 20. bxa6 bxa6 21. Qb1 Qe6 22. Qd1 Qf5 23. Rb1 h5 24. Kg2 Qe4+ 25. Kg1 Qf5 26. Rb3 Rce8 27. Qb1 Qg4 28. Qd1 Qf5 29. Qd2 h4 30. d5 Bxe3 31. fxe3 Qg5 32. Rf3 Re4 33. Rc3 h3 34. Rf4 Qe5 35. Kf2 Rb8 36. Kf3 Re8 37. Qd3 f5 38. g4 fxg4+ 39. Rxg4+ Rxg4 40. Kxg4 Qxh2 41. e4 Qg2+ 42. Qg3 1/2-1/2

[Event "Ricany op-A"]
[Site "Ricany"]
[Date "2014.08.25"]
[Round "4"]
[White "Lacha, Jan"]
[Black "Mar, Tomas"]
[Result "1/2-1/2"]
[WhiteElo "1827"]
[BlackElo "1604"]
[PlyCount "54"]
[EventDate "2014.08.23"]
[EventType "swiss"]
[EventRounds "9"]
[EventCountry "CZE"]
[SourceTitle "EXT 2015"]
[Source "ChessBase"]
[SourceDate "2014.11.20"]
[SourceVersion "1"]
[SourceVersionDate "2014.11.20"]
[SourceQuality "1"]

1. d4 Nf6 2. Nc3 d5 3. Bg5 e6 4. e4 Bb4 5. e5 h6 6. Bd2 Bxc3 7. bxc3 Ne4 8. Bd3 Nxd2 9. Qxd2 c5 10. h4 c4 11. Be2 Bd7 12. Rh3 b5 13. Qf4 Nc6 14. Bh5 Qe7 15. a3 g6 16. Be2 0-0-0 17. Rf3 Rdf8 18. Qf6 Qxf6 19. Rxf6 a5 20. Kd2 Kd8 21. Nh3 Ke7 22. Nf4 b4 23. axb4 axb4 24. Bf3 b3 25. cxb3 cxb3 26. Bxd5 b2 27. Rb1 Rb8 1/2-1/2

[Event "Olomouc Seniors op"]
[Site "Olomouc"]
[Date "2013.08.03"]
[Round "2"]
[White "Zoltek, Tadeusz"]
[Black "Lacha, Jan"]
[Result "1/2-1/2"]
[WhiteElo "2165"]
[BlackElo "1851"]
[PlyCount "62"]
[EventDate "2013.07.31"]
[EventType "swiss"]
[EventRounds "9"]
[EventCountry "CZE"]
[SourceTitle "EXT 2014"]
[Source "ChessBase"]
[SourceDate "2013.11.20"]
[SourceVersion "1"]
[SourceVersionDate "2013.11.20"]
[SourceQuality "1"]

1. Nf3 d5 2. d4 c6 3. c4 e6 4. Qc2 f5 5. Bg5 Nf6 6. Nbd2 Be7 7. e3 Ne4 8. Bxe7 Qxe7 9. cxd5 exd5 10. g3 0-0 11. Bg2 Nd7 12. 0-0 Rf6 13. Rfe1 b6 14. Rac1 Bb7 15. Nf1 Rc8 16. Qa4 a5 17. a3 c5 18. dxc5 Ndxc5 19. Qd1 a4 20. Qd4 Re6 21. N1d2 Rd8 22. Rc2 Ba6 23. Bf1 Bxf1 24. Nxf1 g5 25. Rd1 Qe8 26. N3d2 Qh5 27. Re1 Qg6 28. Nf3 Qh5 29. N3d2 Rh6 30. Nxe4 fxe4 31. Qd1 g4 1/2-1/2

[Event "Brno Duras op-A"]
[Site "Brno"]
[Date "2013.06.23"]
[Round "2"]
[White "Lacha, Jan"]
[Black "Cip, Dalibor"]
[Result "1-0"]
[WhiteElo "1851"]
[BlackElo "2115"]
[PlyCount "77"]
[EventDate "2013.06.22"]
[EventType "swiss"]
[EventRounds "9"]
[EventCountry "CZE"]
[SourceTitle "CBM 155 Extra"]
[Source "ChessBase"]
[SourceDate "2013.08.26"]
[SourceVersion "1"]
[SourceVersionDate "2013.08.26"]
[SourceQuality "1"]

1. e4 c5 2. Nc3 Nc6 3. g3 g6 4. Bg2 Bg7 5. d3 d6 6. f4 e6 7. Nf3 Nge7 8. 0-0 0-0 9. Be3 Nd4 10. Bf2 Bd7 11. e5 dxe5 12. fxe5 Bc6 13. Ne4 Bxe4 14. dxe4 Nec6 15. c3 Nxf3+ 16. Bxf3 b6 17. Qc2 Nxe5 18. Be2 Qg5 19. Rad1 h5 20. Qd2 Qe7 21. Qd6 Qb7 22. Qd2 Qxe4 23. Be3 Rad8 24. Qc1 Rxd1 25. Bxd1 Qd5 26. Bh6 Nd3 27. Qe3 Nxb2 28. Bxg7 Kxg7 29. Bf3 Qd3 30. Qe5+ f6 31. Qxe6 Qxc3 32. Bd5 Qd4+ 33. Kg2 Kh6 34. Rf4 Qd1 35. Rf1 Qd4 36. Rf4 Qd1 37. Rf1 Qa4 38. Qe3+ g5 39. Qe7 1-0

[Event "Janske Lazne op"]
[Site "Janske Lazne"]
[Date "2013.05.08"]
[Round "2"]
[White "Lacha, Jan"]
[Black "Vlckova, Katerina"]
[Result "1/2-1/2"]
[WhiteElo "1861"]
[BlackElo "1885"]
[PlyCount "57"]
[EventDate "2013.05.07"]
[EventType "swiss"]
[EventRounds "8"]
[EventCountry "CZE"]
[SourceTitle "CBM 154 Extra"]
[Source "ChessBase"]
[SourceDate "2013.06.25"]
[SourceVersion "2"]
[SourceVersionDate "2013.06.25"]
[SourceQuality "1"]

1. d4 d5 2. Nc3 Nf6 3. Bg5 Bf5 4. e3 Nbd7 5. Bd3 Bxd3 6. Qxd3 c6 7. Nf3 e6 8. Ne5 Qa5 9. Bxf6 Nxf6 10. 0-0 Bd6 11. f4 0-0 12. Rf3 c5 13. Rh3 c4 14. Qe2 Qb6 15. Nd1 Rfd8 16. c3 Qc7 17. g4 Nd7 18. Qc2 Nf8 19. g5 b5 20. Ng4 a5 21. Qf2 Ng6 22. Ne5 Bxe5 23. fxe5 Rf8 24. Rf3 Qe7 25. h4 b4 26. Qg3 Qd7 27. h5 Ne7 28. Nf2 Nf5 29. Qg4 1/2-1/2

[Event "Marianske Lazne Seniors op"]
[Site "Marianske Lazne"]
[Date "2013.01.21"]
[Round "4"]
[White "Wiedermann, Jan"]
[Black "Lacha, Jan"]
[Result "1/2-1/2"]
[WhiteElo "1778"]
[BlackElo "1880"]
[PlyCount "41"]
[EventDate "2013.01.18"]
[EventType "swiss"]
[EventRounds "9"]
[EventCountry "CZE"]
[SourceTitle "EXT 2014"]
[Source "ChessBase"]
[SourceDate "2013.11.20"]
[SourceVersion "1"]
[SourceVersionDate "2013.11.20"]
[SourceQuality "1"]

1. d4 d5 2. c4 c6 3. e3 Nf6 4. Nc3 a6 5. a3 e6 6. Nf3 dxc4 7. Bxc4 b5 8. Be2 c5 9. dxc5 Qxd1+ 10. Bxd1 Bxc5 11. 0-0 Bb7 12. b4 Bd6 13. Bb2 Nbd7 14. Be2 Ne5 15. Nxe5 Bxe5 16. Nd1 Bxb2 17. Nxb2 Rc8 18. Rac1 Ke7 19. Nd3 Nd7 20. Rxc8 Rxc8 21. Rc1 1/2-1/2